LIBRARY & INFORMATION CENTRE, KCAET, TAVANUR

ONLINE PUBLIC ACCESS CATALOGUE (OPAC)

Republic / (Record no. 1052)

MARC details
000 -LEADER
fixed length control field 00377cam a2200169ua 4500
041 ## - LANGUAGE CODE
Language code of text/sound track or separate title mal
082 ## - DEWEY DECIMAL CLASSIFICATION NUMBER
Classification number 320.01
Item number PLA/RE
100 ## - MAIN ENTRY--AUTHOR NAME
Personal name Plato, .
245 ## - TITLE STATEMENT
Title Republic /
260 ## - PUBLICATION, DISTRIBUTION, ETC. (IMPRINT)
Place of publication Calicut :
Name of publisher P.K Brothers ,
Year of publication 1961.
300 ## - PHYSICAL DESCRIPTION
Number of Pages 788 ; .
942 ## - ADDED ENTRY ELEMENTS (KOHA)
Koha item type Books
Holdings
Withdrawn status Lost status Damaged status Home library Current library Date acquired Full call number Accession Number Koha item type
Withdrawn     KAUAET Malayalam University 07/04/2012 320.01 2608 Books
free website counter